000 00433pab a2200169 454500
008 180718b1997 xxu||||| |||| 00| 0 eng d
100 _aGopinath, P.K.
245 _aCentral Vigilance Commission: A profile
260 _c1997
300 _ap.421-433.
362 _aJul-Sep
650 _aVigilance
650 _aCentral Vigilance Commission
773 _aIndian Journal of Public Administration
908 _aN
909 _a36314
999 _c36314
_d36314